000 00938pam a2200277 a 4500
005 20191224041507.0
008 940328s1995 nyua 000 0 eng
020 _a071672412X
040 _aDLC
_cDLC
_dDLC
041 _aeng
044 _axxu
082 0 0 _a519.5
_bR738s
100 1 _aRohlf, F. James,
_d1936-
_939814
245 1 0 _aStatistical tables
_cF. James Rohlf, Robert R. Sokal.
250 _a3rd ed.
260 _aNew York :
_bFreeman,
_cc1995.
300 _axiv, 199 p. :
_bill. ;
_c24 cm.
500 _aCollection of tables to accompany Biometry, 3rd ed.
650 0 _aBiometry
_xTables.
_939815
650 0 _aMathematical statistics
_xTables.
_939816
700 1 _aSokal, Robert R.
_93555
700 1 _aSokal, Robert R.
_tBiometry.
_s3rd ed.
_939818
856 4 2 _3Publisher description
_uhttp://www.loc.gov/catdir/enhancements/fy0912/94011121-d.html
906 _a7
_bcbc
_corignew
_d1
_eocip
_f19
_gy-gencatlg
942 _2ddc
_cLIBRO
999 _c37
_d37